00437 a2200121 4500001001000000005001700010008004100027245010900068100002000177700003400197773006700231999001700298ART_4762020260410162006.0260409a 10a¿Cómo han sido regulados los instrumentos públicos en el Código Civil y Comercial de la Nación?1 aCorna, Pablo M.1 aFossaceca, Carlos Alberto (h)0 tTemas de derecho civilg- Año 4, N° 9 (sep. 2018)wREV34778 c31766d31766